000 00335nam a22001457a 4500
003 SGT
020 _a9788131707180
082 _a624.1762,KRA
100 _aKRAMER,STEVEN L.
245 _aGEOTECHNICAL EARTHQUAKE ENGINEERING
260 _aCHENNAI
_bPEARSON
_c2019
300 _a653
650 _aCIVIL ENGINEERING
942 _2ddc
_cBK
999 _c18382
_d18382